| 000 | 00781nam a2200229 a 4500 | ||
|---|---|---|---|
| 001 | 12987 | ||
| 003 | BD-JhCC | ||
| 005 | 20230611082508.0 | ||
| 008 | 230611s20202018bg a|||| |||| 000 0 ben d | ||
| 020 | _a9789849234920 | ||
| 035 | _a(BD-JhCC)12987 | ||
| 040 |
_aBD-JhCC _dBD-JhCC |
||
| 041 | _aben | ||
| 082 |
_a891.4435 _bROY 2020 |
||
| 100 | _aরায়, সুকুমার | ||
| 245 |
_aসমগ্র শিশুসাহিত্য : _bগল্প / _cসুকুমার রায় |
||
| 260 |
_aঢাকা : _bআলেয়া বুক ডিপো, _c২০২০ |
||
| 300 |
_a৩২০ পৃ. : _bচিত্রাবলী সংবলিত; _c২০ সেমি. |
||
| 650 | _aShort story | ||
| 650 | _aJuvenile Literature | ||
| 942 |
_2ddc _cBK |
||
| 999 |
_c12987 _d12987 |
||